00271nam a2200121 a 4500008004100000020001500041050001500056100001600071245001500087260002600102300001200128350000900140120416s0000 ||||||||||||||||| || u a0859691683 aRC 537 Hau aHauck, Paul10aDepression aLondonbSheldonc1973 ax, 102p a0.00